000 00273nam a22001217a 4500
008 181106b xxu||||| |||| 00| 0 eng d
041 _aeng
080 _a616.5
100 _a7
101 _aDER
245 _aFinger Prints, Palms and Soles
_cCummins,H
942 _2udc
_cBK
999 _c52012
_d52012